000 00339nam a2200145Ia 4500
008 230718s9999 xx 000 0 und d
041 _aEng.
082 _a310
_bHEM-T
100 _aHemingaray Ernest
245 4 _aThe cold man and the sear
260 _aPakistan
_bexford oni paers
_c2009
300 _a78
650 _aLaw
999 _c26428
_d26428